Valtioiden muotoja lipuilla #4 - Statistics

Yleistilastot
  • Tätä visaa on pelattu 863 kertaa
  • Keskiarvotulos 12 / 16
Vastaustilastot
Kuvavisa Vastaus % Oikein
Ranska
99%
Ruotsi
99%
Jamaika
94%
Romania
94%
Albania
93%
Chile
90%
Indonesia
90%
Marokko
88%
Singapore
72%
Uzbekistan
68%
Armenia
67%
Tansania
66%
Palau
62%
Swazimaa
56%
Burundi
53%
Salomoninsaaret
43%
Ehtoja vastaavia visoja ei löytynyt
Tulosjakauma
Jokaisen tuloksen saaneiden osuus
Persentiili vastausten määrän mukaan
Tuloshistoriasi
Et ole pelannut tätä visaa